Modeling of Automobile Components and Spare Parts Demand by Probability Theory Methods

Optimalizácia dostupnosti dodávateľov komponentov pre automobilové výrobné spoločnosti.

Salvato in:
Dettagli Bibliografici
Autore principale: Kabdi, Kani
Altri autori: Suleimenov, Tynys, Abay, Aigul, Bosák, Martin, 1967-
Natura: Capitolo di libro
Lingua:inglese
Soggetti:
Tags: Aggiungi Tag
Nessun Tag, puoi essere il primo ad aggiungerne!!

MARC

LEADER 00000naa$a2200000$$$4500
001 0241878
005 20240502073934.1
041 0 |a eng 
044 |a SK 
245 1 0 |a Modeling of Automobile Components and Spare Parts Demand by Probability Theory Methods  |c Kani Kabdi, Tynys Suleimenov, Aigul Abay, Martin Bosák 
520 |a Optimalizácia dostupnosti dodávateľov komponentov pre automobilové výrobné spoločnosti. 
610 2 0 |a modelovanie 
610 2 0 |a teória pravdepodobnosti 
610 2 0 |a priemysel automobilový 
610 2 0 |a dodávatelia 
610 2 0 |a modelovanie matematické 
100 1 |a Kabdi, Kani 
700 1 |a Suleimenov, Tynys 
700 1 |a Abay, Aigul 
700 1 |a Bosák, Martin, 1967-